|
|
|
|
| LEADER |
00000nam0a2200000 4500 |
| 001 |
94031 |
| 005 |
20231031105501.0 |
| 035 |
|
|
|a (RuTPU)RU\TPU\book\100722
|
| 090 |
|
|
|a 94031
|
| 100 |
|
|
|a 20060406d1964 km y0rusy50 ca
|
| 101 |
1 |
|
|a rus
|c ger
|c eng
|
| 102 |
|
|
|a RU
|
| 105 |
|
|
|a a z 001zy
|
| 200 |
1 |
|
|a Топливные элементы
|e пер. с англ., нем.
|f Э. Юсти, А. Винзель
|g под ред. А. В. Лыкова, В. С. Багоцкого
|
| 210 |
|
|
|a Москва
|c Мир
|d 1964
|
| 215 |
|
|
|a 480 с.
|c ил.
|
| 320 |
|
|
|a Библиография в конце разделов.
|
| 320 |
|
|
|a Библиография в конце глав.
|
| 610 |
1 |
|
|a топливные элементы
|
| 610 |
1 |
|
|a электроды
|
| 610 |
1 |
|
|a диффузионные электроды
|
| 610 |
1 |
|
|a химическая энергия
|
| 610 |
1 |
|
|a электрическая энергия
|
| 610 |
1 |
|
|a превращения
|
| 610 |
1 |
|
|a применение
|
| 610 |
1 |
|
|a ДСК-электроды
|
| 610 |
1 |
|
|a ДСК-материалы
|
| 610 |
1 |
|
|a кислородные электроды
|
| 675 |
|
|
|a 621.35
|v 3
|
| 700 |
|
1 |
|a Юсти
|b Э.
|
| 701 |
|
1 |
|a Винзель
|b А.
|
| 702 |
|
1 |
|a Лыков
|b А. В.
|4 340
|
| 702 |
|
1 |
|a Багоцкий
|b В. С.
|4 340
|
| 801 |
|
1 |
|a RU
|b 63413507
|c 20060406
|g PSBO
|
| 801 |
|
2 |
|a RU
|b 63413507
|c 20131017
|g PSBO
|
| 942 |
|
|
|c BK
|